| Tag |
First Indicator |
Second Indicator |
Subfields |
| LEADER |
00000cam a22000004a 4500 |
| 001 |
in00001678490 |
| 005 |
20210213063614.0 |
| 006 |
m o d |
| 007 |
cr un||||||||| |
| 008 |
020212s2002 gw a ob 001 0 eng |
| 010 |
|
|
|a 2002276532
|
| 015 |
|
|
|a GBA220767
|2 bnb
|
| 016 |
7 |
|
|a 963685066
|2 DE-101
|
| 019 |
|
|
|a 49197576
|a 456697719
|a 689965371
|
| 020 |
|
|
|a 3540431691
|
| 020 |
|
|
|a 9783540431695
|
| 035 |
|
|
|a (OCoLC)ocm49277107
|
| 035 |
|
|
|a (OCoLC)49277107
|z (OCoLC)49197576
|z (OCoLC)456697719
|z (OCoLC)689965371
|
| 040 |
|
|
|a DLC
|b eng
|c DLC
|d C$Q
|d C#P
|d OHX
|d ORE
|d UKM
|d LVB
|d BAKER
|d BTCTA
|d YDXCP
|d OCLCG
|d IG#
|d ZWZ
|d HEBIS
|d DEBBG
|d UWW
|d GW5XE
|d DEBSZ
|d OCLCQ
|d OCLCF
|d OCLCO
|d P4I
|d OCLCQ
|d QE2
|d BDX
|d ILU
|d OCLCQ
|d UtOrBLW
|
| 042 |
|
|
|a pcc
|
| 049 |
|
|
|a TXAM
|
| 050 |
0 |
0 |
|a QA76.9.O35
|b O242 2002
|
| 055 |
|
3 |
|a QA75
|b .L38 no.2263
|
| 072 |
|
7 |
|a QA
|2 lcco
|
| 082 |
0 |
0 |
|a 005.1/17
|2 21
|
| 084 |
|
|
|a DAT 315f
|2 stub
|
| 084 |
|
|
|a DAT 364f
|2 stub
|
| 084 |
|
|
|a DAT 368f
|2 stub
|
| 084 |
|
|
|a SS 4800
|2 rvk
|
| 245 |
0 |
0 |
|a Object modeling with the OCL :
|b the rationale behind the Object Constraint Language /
|c Tony Clark, Jos Warmer (eds.).
|
| 264 |
|
1 |
|a Berlin ;
|a New York :
|b Springer,
|c [2002]
|
| 264 |
|
4 |
|c ©2002
|
| 300 |
|
|
|a 1 online resource (viii, 279 pages) :
|b illustrations.
|
| 336 |
|
|
|a text
|b txt
|2 rdacontent
|
| 337 |
|
|
|a computer
|b c
|2 rdamedia
|
| 338 |
|
|
|a online resource
|b cr
|2 rdacarrier
|
| 490 |
1 |
|
|a Lecture notes in computer science ;
|v 2263
|
| 504 |
|
|
|a Includes bibliographical references and index.
|
| 505 |
0 |
|
|a Introduction / Bran Selic -- A meta-model facility for a family of UML constraint languages / Tony Clark, Andy Evans, and Stuart Kent -- A new type checking approach for OCL version 2.0? / Andy Schurr -- OCL: syntax, semantics, and tools / Mark Richters and Martin Gogolla -- On the precise meaning of OCL constraints / Rolf Hennicker, Heinrich Hussmann, and Michel Bidoit -- Expressing UML class diagrams properties with OCL / Martin Gogolla and Mark Richters -- The Amsterdam Manifesto on OCL / Steve Cook [and others] -- An OCL extension for real-time constraints / Stephan Flake and Wolfgang Mueller -- Statistical constraints and verification / John Knapman -- Java OCL based on new presentation of the OCL-syntax / Bernhard Rumpe -- The semantics of the OCL action clause / Anneke Kleppe and Jos Warmer -- Constraint trees / Stuart Kent and John Howse -- Using OCL and UML to specify system behavior / Shane Sendall and Alfred Strohmeier.
|
| 500 |
|
|
|a Electronic resource.
|
| 650 |
|
0 |
|a Object-oriented methods (Computer science)
|
| 650 |
|
4 |
|a conception logiciel.
|
| 650 |
|
4 |
|a modélisation objet.
|
| 650 |
|
4 |
|a UML.
|
| 650 |
|
4 |
|a OCL.
|
| 650 |
|
6 |
|a Approche orientée objet (Informatique)
|
| 650 |
|
7 |
|a Object-oriented methods (Computer science)
|2 fast
|0 (OCoLC)fst01042803
|
| 650 |
|
7 |
|a Conception orientée objets (informatique)
|2 ram
|
| 650 |
0 |
7 |
|a Objektorientierung.
|2 swd
|
| 650 |
0 |
7 |
|a Modellierung.
|2 swd
|
| 650 |
0 |
7 |
|a OCL <Programmiersprache>.
|2 swd
|
| 650 |
0 |
7 |
|a UML.
|2 swd
|
| 655 |
|
7 |
|a Electronic books.
|2 local
|
| 700 |
1 |
|
|a Clark, Tony
|c (College teacher)
|
| 700 |
1 |
|
|a Warmer, Jos B.
|
| 710 |
2 |
|
|a SpringerLink (Online service)
|
| 830 |
|
0 |
|a Lecture notes in computer science ;
|v 2263.
|
| 856 |
4 |
0 |
|u http://proxy.library.tamu.edu/login?url=http://link.springer.com/10.1007/3-540-45669-4
|z Connect to the full text of this electronic book
|t 0
|
| 856 |
4 |
1 |
|u http://link.springer-ny.com/link/service/series/0558/tocs/t2263.htm
|t 0
|
| 948 |
|
|
|a cataloged
|b h
|c 2002/5/10
|d c
|e blrosas
|f 10:58:59 am
|
| 994 |
|
|
|a 92
|b TXA
|
| 999 |
|
|
|a MARS
|
| 999 |
f |
f |
|s caf58fcc-b2ef-383b-b0e3-2359effe3cae
|i 118d9a29-392a-38ee-8f70-8c44085f6159
|t 0
|
| 952 |
f |
f |
|p ric
|a Texas A&M University
|b Rellis Campus
|c Joint Library Facility
|d Remote Storage
|t 0
|e QA76.9.O35 O242 2002
|h Library of Congress classification
|i computer -- online resource
|m A14828894967
|
| 998 |
f |
f |
|a QA76.9.O35 O242 2002
|t 0
|l Remote Storage
|